El evangelio y el ateo

Gorde:
Xehetasun bibliografikoak
Egile nagusia: Widmer, Gabriel (Egilea)
Formatua: Liburua
Hizkuntza:gaztelania
Argitaratua: Madrid Marova 1968
Gaiak:
Etiketak: Etiketa erantsi
Etiketarik gabe, Izan zaitez lehena erregistro honi etiketa jartzen!

MARC

LEADER 00000nam a2200000 a 4500
001 UCS9521
003 CL-VaPUC
008 971121e19680000SP |||||||||||||||||spa|d
082 0 4 |a 211.8  |b WID  |2 21 
100 0 |a Widmer, Gabriel  |e author  |9 394676 
245 1 3 |a El evangelio y el ateo 
300 |a 197 p 
942 |c BK 
945 |d 19971121 00:00:00  |a jquezada 
260 |a Madrid  |b Marova  |c 1968 
650 7 |a EVANGELIO  |2 CL-VaPUC  |9 368586 
650 0 |a Cristianismo  |9 257361 
650 0 |a Fe  |9 308036 
650 0 |a Religión   |9 255164 
650 0 |a Ateísmo  |9 265671 
650 0 |a Crítica e interpretación   |9 255042 
583 |a last modification  |c 19971121 00:00:00  |k Rodrigo Vera 
999 |c 263307  |d 263305 
952 |0 0  |1 0  |4 0  |6 211_800000000000000_WID_1968  |7 0  |8 A  |9 292529  |a BIBGIM  |b BIBGIM  |d 2019-11-19  |i 3366774  |o 211.8 WID 1968  |p 3366774  |r 2025-01-15  |w 2019-11-19  |y BK  |k COM